000 00732cam a2200253 4500
008 090401t1983 xxu||||| |||| 00| 0 eng d
020 _a0854062289
035 _a(Sirsi) u38861
041 _aeng
050 _a346.410434
090 _aRICS 1983/43ABCD
110 _aRoyal Institution of Chartered Surveyors
_bBuilding Surveyors Division
_94964
245 _aDilapidations
260 _aLondon
_bSurveyors` Publications
_c1983
300 _a21p. 30cm
350 _a0
490 _aRICS Building Surveying Guidance Note
520 _aSUPERSEDED: Replaced by 2nd edition (RICS 1991/36).
650 _aDilapidations
_96235
650 _aRICS
690 _aLandlord and tenant
_96252
942 _n0
948 _c04/03/1997
999 _c90722
_d90722